Phantom Forces Weapons Quiz (ROBLOX) - Statistics

General Stats
  • This quiz has been taken 556 times
  • The average score is 41 of 101
Answer Stats
Hint Answer % Correct
Assault Rifles AK-12
82%
SCAR-L
77%
AK-47
76%
M4
74%
Snipers INTERVENTION
72%
BFG-50
70%
MP5
70%
MP5/10
70%
REMINGTON 700
69%
SCAR-H
69%
Carbines M4A1
65%
AK-74
64%
M60
63%
AUG A1
62%
REMINGTON 870
62%
AN-94
61%
AS VAL
60%
Shotguns KSG-12
60%
Pistols M9
59%
LMGs COLT LMG
58%
AUG A2
57%
AUG A3
57%
PDWs MP5-K
57%
M16A3
56%
M16A4
55%
G36
53%
GLOCK 17
51%
MOSIN NAGANT
51%
Machine Pistols GLOCK 18
50%
AKM
49%
MP7
49%
MK-11
48%
TEC-9
48%
AWS
47%
SFG-50
47%
SKS
47%
HONEY BADGER
45%
M1911
44%
RPK
44%
SCAR-PDW
44%
DBV-12
43%
P90
42%
SAIGA-12
42%
DEAGLE .44
41%
FAMAS
40%
G36C
40%
SCAR-SSR
39%
AK103
38%
FAL 50.00
38%
KRISS VECTOR
38%
MP10
38%
SPAS-12
38%
STEVENS DB
38%
AUG HBAR
37%
DMRs BEOWULF TCR
37%
SCAR HAMR
37%
HECATE II
36%
UMP-45
36%
MAC-10
35%
RPK-74
35%
KS-23M
34%
MP5SD
34%
M231
33%
RPK-12
33%
Others SERBU SHOTGUN
33%
Revolvers MP412 REX
32%
OBREZ
32%
AUG A3 PARA
30%
DRAGUNOV SVU
29%
L85A2
29%
MG36
29%
MG3KWS
29%
Battle Rifes BEOWULF ECR
28%
MP40
28%
ZIP .22
28%
AK-12 BR
27%
AK-12C
27%
PPSH-41
26%
SAWED OFF
26%
AK105
25%
AKU-12
25%
AG-3
24%
DRAGUNOV SVDS
24%
M45A1
24%
VSS VINTOREZ
24%
GROZA-1
23%
L22
23%
MP1911
23%
L86 LSW
22%
GROZA-4
21%
L115A3
21%
M3A1
21%
M93R
21%
L2A3
20%
HENRY 45-70
18%
SAIGA-12U
18%
1858 CARBINE
15%
SR-3M
15%
COLT SMG 635
14%
PPK-12
8%
1859 NEW ARMY
6%
No matching quizzes found
Score Distribution
Percent of People with Each Score
Percentile by Number Answered
Your Score History
You have not taken this quiz